| 000 | 00937cam a22003137a 4500 | ||
|---|---|---|---|
| 003 | CHAP | ||
| 005 | 20220329134600.0 | ||
| 008 | 971013s1961 r 00010 d | ||
| 010 | _a22501 | ||
| 011 | _a23473 | ||
| 035 | _a27569 | ||
| 040 | _cCHAP | ||
| 082 |
_a575.1 _bA84 |
||
| 100 | 0 | 0 |
_aAuerbach, Charlotte. _98320 |
| 245 | 1 | 4 | _aThe science of genetics |
| 260 |
_aNew York : _bHarper and Row, _c1961 |
||
| 300 |
_a273 p. _b: ilus |
||
| 490 | 0 | _aHarper torchbooks 568 L | |
| 590 |
_aBATCH-UPD _b10 _c20130110 _lUCH01 _h0309 |
||
| 590 |
_aBATCH-UPD _b10 _c20130110 _lUCH01 _h1816 |
||
| 590 |
_aBATCH-UPD _b10 _c20130409 _lUCH01 _h2341 |
||
| 590 |
_aBATCH-UPD _b10 _c20130914 _lUCH01 _h0426 |
||
| 590 |
_aCONVERSION _b10 _c20130109 _lUCH01 _h1313 |
||
| 650 | 1 | 4 |
_aGenética. _947469 |
| 830 | 0 |
_aHarper torchbooks 568 L _952803 |
|
| 901 | _aBK | ||
| 942 | _cLIBRO | ||
| 949 |
_a575.1 A84 _bBC _cLIBRO _d33724000478996 _eLIBRO _h15328 _i27569 _si |
||
| 999 |
_c22501 _d22501 |
||